[Event "ISR-ch"]
[Site "Israel"]
[Date "1984.??.??"]
[Round "?"]
[White "Pasman, Michael"]
[Black "Shterenberg, Pavel"]
[Result "1/2-1/2"]
[WhiteElo "2335"]
[BlackElo "2320"]
[PlyCount "91"]
[EventDate "1984.??.??"]
[EventType "tourn"]
[EventRounds "15"]
[EventCountry "ISR"]
[EventCategory "5"]
[SourceTitle "MCD"]
[Source "ChessBase"]
[SourceDate "1999.07.01"]
[SourceVersion "1"]
[SourceVersionDate "1999.07.01"]
[SourceQuality "1"]

1. e4 e5 2. Nf3 Nc6 3. d4 exd4 4. Nxd4 Qf6 5. Nb5 Bc5 6. Qe2 Bb6 7. N1c3 Nge7 8. Nd5 Nxd5 9. exd5+ Kd8 10. h4 h6 11. c3 Re8 12. Be3 a6 13. Nxc7 Bxc7 14. dxc6 bxc6 15. 0-0-0 Rb8 16. Qd2 Qe6 17. Kb1 c5 18. h5 Rb6 19. Qc2 Rd6 20. Bd3 Bb7 21. Bf5 Qe5 22. Rhe1 Rxd1+ 23. Rxd1 Re7 24. g4 Bf3 25. Rd2 Be4 26. Bxe4 Qxe4 27. Bxc5 Qh1+ 28. Rd1 Re1 29. Kc1 Bf4+ 30. Be3 Bxe3+ 31. fxe3 Qg1 32. Rxe1 Qxe1+ 33. Qd1 Qxe3+ 34. Kc2 Qe4+ 35. Kb3 f5 36. gxf5 Qxf5 37. a4 g5 38. hxg6 Qxg6 39. Qd4 Qc6 40. Kb4 Kc7 41. Ka5 Kb7 42. Qb4+ Ka8 43. Qg4 Qd5+ 44. Kb4 Qd6+ 45. Kc4 Kb7 46. Qe4+ 1/2-1/2

[Event "ISR-ch"]
[Site "Israel"]
[Date "1984.??.??"]
[Round "?"]
[White "Shterenberg, Pavel"]
[Black "Bruk, Ofer"]
[Result "0-1"]
[WhiteElo "2320"]
[BlackElo "2325"]
[PlyCount "80"]
[EventDate "1984.??.??"]
[EventType "tourn"]
[EventRounds "15"]
[EventCountry "ISR"]
[EventCategory "5"]
[SourceTitle "MCD"]
[Source "ChessBase"]
[SourceDate "1999.07.01"]
[SourceVersion "1"]
[SourceVersionDate "1999.07.01"]
[SourceQuality "1"]

1. e4 e5 2. Nf3 Nc6 3. Bb5 g6 4. d4 exd4 5. Bxc6 dxc6 6. Qxd4 Qxd4 7. Nxd4 Bd7 8. Nc3 0-0-0 9. Be3 Bg7 10. 0-0-0 Ne7 11. Rhe1 b6 12. Bg5 Rhe8 13. e5 h6 14. Bxe7 Rxe7 15. f4 c5 16. Ndb5 Rde8 17. Rf1 Kb7 18. a4 a6 19. Na3 Bc6 20. g3 f6 21. exf6 Bxf6 22. Nab1 Bd4 23. f5 Bg2 24. f6 Rf7 25. Rfe1 Rxe1 26. Rxe1 Rxf6 27. Nd2 Bxc3 28. bxc3 a5 29. c4 Rd6 30. Nb1 Bc6 31. Nc3 Rd4 32. Re6 Rxc4 33. Kb2 Rb4+ 34. Ka3 Rc4 35. Kb2 Rg4 36. Ka3 h5 37. Rf6 g5 38. Rg6 Rc4 39. Kb3 Rg4 40. Ka3 h4 0-1

[Event "ISR-ch"]
[Site "Tel Aviv"]
[Date "1982.05.25"]
[Round "3"]
[White "Malin, Uri"]
[Black "Shterenberg, Pavel"]
[Result "0-1"]
[WhiteElo "2245"]
[BlackElo "2125"]
[PlyCount "56"]
[EventDate "1982.05.23"]
[EventType "tourn"]
[EventRounds "11"]
[EventCountry "ISR"]
[SourceTitle "EXT 2024"]
[Source "ChessBase"]
[SourceDate "2023.10.10"]
[SourceVersion "1"]
[SourceVersionDate "2023.10.10"]
[SourceQuality "1"]

1. c4 Nf6 2. Nc3 d5 3. cxd5 Nxd5 4. Nf3 Nxc3 5. bxc3 g6 6. g3 Bg7 7. Bg2 0-0 8. Rb1 e5 9. 0-0 Nc6 10. Qa4 Re8 11. d3 Ne7 12. Ng5 h6 13. Ne4 Bd7 14. Qb3 b6 15. f4 Be6 16. c4 exf4 17. Bxf4 Nf5 18. Nc3 Qd4+ 19. Kh1 Qxc3 20. Qxc3 Bxc3 21. Bxa8 Rxa8 22. Bxc7 Bd7 23. e4 Bc6 24. c5 bxc5 25. Rfc1 Bd4 26. Rb8+ Rxb8 27. Bxb8 Ne3 28. Bc7 Ng4 0-1

[Event "ISR-ch"]
[Site "Tel Aviv"]
[Date "1982.05.24"]
[Round "2"]
[White "Shterenberg, Pavel"]
[Black "Kagan, Shimon"]
[Result "1-0"]
[WhiteElo "2125"]
[BlackElo "2425"]
[PlyCount "103"]
[EventDate "1982.05.23"]
[EventType "tourn"]
[EventRounds "11"]
[EventCountry "ISR"]
[SourceTitle "EXT 2024"]
[Source "ChessBase"]
[SourceDate "2023.10.10"]
[SourceVersion "1"]
[SourceVersionDate "2023.10.10"]
[SourceQuality "1"]

1. e4 c5 2. Nf3 Nc6 3. d4 cxd4 4. Nxd4 g6 5. c4 Bg7 6. Be3 d6 7. Nc3 Nf6 8. Be2 0-0 9. 0-0 Bd7 10. Rc1 Nxd4 11. Bxd4 Bc6 12. f3 a5 13. Qd2 Nd7 14. Be3 a4 15. Rfd1 Qa5 16. Rc2 Rfc8 17. Qe1 Bf6 18. a3 Nc5 19. Qf2 Nb3 20. Bf1 Qc7 21. g3 e6 22. Na2 Qe7 23. Bb6 Qf8 24. Be3 Rd8 25. Nb4 Qg7 26. Bg2 g5 27. Kh1 Kh8 28. Bb6 Rd7 29. f4 gxf4 30. gxf4 Qg4 31. Qf1 Rg8 32. Nxc6 bxc6 33. e5 Qf5 34. Re2 Bd8 35. Be4 Qh5 36. Bxd8 Rdxd8 37. Bxc6 dxe5 38. Rxd8 Rxd8 39. fxe5 Qh6 40. Bxa4 Nc1 41. Rg2 Nd3 42. Qf6+ Qxf6 43. exf6 Ne5 44. c5 Rd4 45. b4 Nc4 46. Rg3 h5 47. Rc3 e5 48. c6 Nb6 49. c7 Nc8 50. Bc2 e4 51. Re3 Rc4 52. Rxe4 1-0